[Event "SR 1. liga zapad 2010/2011"]
[Site "?"]
[Date "2010.12.11"]
[Round "3.1"]
[White "Maslik, Miroslav"]
[Black "Motuz, Karol"]
[Result "0-1"]
[WhiteElo "2402"]
[BlackElo "2245"]
[PlyCount "122"]
[EventDate "2010.??.??"]

1. d4 d5 2. e3 Nf6 3. c4 e6 4. Nf3 c6 5. b3 Nbd7 6. Bd3 Bd6 7. Bb2 O-O 8. O-O
b6 9. Nbd2 Bb7 10. Ne5 c5 11. cxd5 exd5 12. f4 Qe7 13. Qf3 Rfe8 14. Rae1 cxd4
15. exd4 Bb4 16. Re2 Bxd2 17. Rxd2 Ne4 18. Rc2 f6 19. Nxd7 Qxd7 20. Rfc1 Rac8
21. Ba3 Rxc2 22. Rxc2 Rc8 23. Qe2 Rc7 24. g3 Qc8 25. Kg2 Rxc2 26. Qxc2 Qxc2+
27. Bxc2 Nc3 28. Kf2 Nxa2 29. Bd6 Nc3 30. Bb8 a6 31. Ke3 Ne4 32. Bc7 b5 33. g4
Kf7 34. h4 g6 35. g5 Ke6 36. Bd8 fxg5 37. hxg5 Kd7 38. Bb6 Kc6 39. Bd8 Nd6 40.
b4 Bc8 41. Bd3 Bf5 42. Be2 Nb7 43. Ba5 Nd6 44. Kd2 Kd7 45. Bf3 Kc6 46. Bd8 Be4
47. Bg4 Nc4+ 48. Kc3 Ne3 49. Be6 Bf5 50. Bg8 Kd7 51. Bf6 Be6 52. Bxh7 Bf7 53.
Kd3 Nf5 54. Be5 Ke6 55. Bb8 Ne7 56. Bc7 Kf5 57. Bd6 Nc6 58. Kc3 Ke4 59. Be5 Nd8
60. Bd6 Ne6 61. Be5 Nf8 0-1

[Event "SR 1. liga zapad 2010/2011"]
[Site "?"]
[Date "2010.12.11"]
[Round "3.1"]
[White "Srvatka, Igor"]
[Black "Rohacek, Miroslav"]
[Result "0-1"]
[WhiteElo "2205"]
[BlackElo "2277"]
[PlyCount "90"]
[EventDate "2010.??.??"]

1. d4 d5 2. Nf3 Nf6 3. c4 c6 4. Qc2 g6 5. Bf4 Bg7 6. e3 O-O 7. Nc3 a6 8. Rc1
dxc4 9. Bxc4 Nbd7 10. O-O b5 11. Be2 Bb7 12. Rfd1 Qb6 13. a4 b4 14. Nb1 Rac8
15. Nbd2 c5 16. Nc4 Qa7 17. a5 Be4 18. Qa4 Qb7 19. Nb6 Nxb6 20. axb6 Qxb6 21.
Be5 a5 22. dxc5 Rxc5 23. Bd4 Qc6 24. Qa1 Rc2 25. Ne5 Qc7 26. Bc4 Nd5 27. Rxc2
Bxc2 28. Rc1 Bxe5 29. Bxd5 Bxd4 30. Bb3 Be5 31. Rxc2 Qb6 32. Qc1 Kg7 33. h4 Qf6
34. f4 Bd6 35. g3 Qf5 36. Rc4 Qd3 37. Ba4 e5 38. h5 Rd8 39. h6+ Kxh6 40. f5
Qxf5 41. Rh4+ Kg7 42. e4 Qf3 43. Qh6+ Kf6 44. Kh2 Bf8 45. Qxh7 Rd2+ 0-1

[Event "SR 1. liga zapad 2010/2011"]
[Site "?"]
[Date "2010.12.11"]
[Round "3.1"]
[White "Sukuba, Zdeno"]
[Black "Bednar, Jan"]
[Result "1/2-1/2"]
[WhiteElo "2098"]
[BlackElo "2104"]
[PlyCount "72"]
[EventDate "2010.??.??"]

1. Nf3 d5 2. c4 d4 3. e4 c5 4. d3 Nc6 5. Be2 e5 6. O-O g6 7. Nbd2 Bg7 8. a3
Nge7 9. Rb1 a5 10. Qa4 Bd7 11. Qc2 O-O 12. Re1 Nc8 13. Nf1 Nd6 14. Bd2 f5 15.
exf5 gxf5 16. Ng3 e4 17. dxe4 fxe4 18. Nxe4 Nxe4 19. Qxe4 Bf5 20. Qd5+ Qxd5 21.
cxd5 Bxb1 22. Rxb1 Ne5 23. Ng5 d3 24. Bd1 Nc4 25. Bc3 Bxc3 26. bxc3 Rfe8 27.
Ne6 Rad8 28. Bh5 Rxd5 29. Bxe8 Re5 30. Nxc5 d2 31. Kf1 Rxe8 32. Rd1 Rd8 33. Ne4
b5 34. Ke2 a4 35. Nxd2 Re8+ 36. Kf3 Rd8 1/2-1/2

[Event "SR 1. liga zapad 2010/2011"]
[Site "?"]
[Date "2010.12.11"]
[Round "3.1"]
[White "Veres, Andrej"]
[Black "Machalova, Erika"]
[Result "1-0"]
[WhiteElo "2168"]
[BlackElo "2131"]
[PlyCount "85"]
[EventDate "2010.??.??"]

1. d4 Nf6 2. c4 e6 3. Nf3 b6 4. g3 Bb7 5. Bg2 Be7 6. O-O d6 7. Nc3 Nbd7 8. Ne1
Bxg2 9. Nxg2 O-O 10. e4 e5 11. Ne3 Re8 12. Nf5 c6 13. b3 Bf8 14. Re1 Qc7 15. d5
c5 16. g4 Rec8 17. Qf3 a6 18. a4 Rab8 19. Bg5 Qd8 20. Kg2 Be7 21. Rg1 Qe8 22.
Kf1 Kh8 23. h4 Rd8 24. h5 Qf8 25. Bh4 Rbc8 26. g5 Ng8 27. g6 Bxh4 28. gxh7 Kxh7
29. Nxh4 Ndf6 30. Nf5 Ne8 31. Ke2 Nh6 32. Nxh6 gxh6 33. Qf5+ Kh8 34. Rg6 Rc7
35. Rag1 f6 36. Qe6 Rf7 37. Rxh6+ Qxh6 38. Qxf7 Ng7 39. Nd1 Kh7 40. f3 Rg8 41.
Rg6 Qf4 42. h6 Qh2+ 43. Nf2 1-0

[Event "SR 1. liga zapad 2010/2011"]
[Site "?"]
[Date "2010.12.11"]
[Round "3.2"]
[White "Detko, Jan"]
[Black "Certek, Pavel"]
[Result "0-1"]
[WhiteElo "2144"]
[BlackElo "2250"]
[PlyCount "103"]
[EventDate "2010.??.??"]

1. e4 c5 2. Nc3 Nc6 3. f4 g6 4. Nf3 Bg7 5. Bb5 Nd4 6. Bd3 d6 7. Nxd4 Bxd4 8.
Nd5 Nf6 9. c3 Nxd5 10. exd5 Bg7 11. f5 Bd7 12. O-O Qb6 13. Kh1 O-O-O 14. b4 Qc7
15. Qe2 Bf6 16. Rb1 Kb8 17. c4 Ka8 18. Bb2 Rde8 19. a3 Qc8 20. Qf2 g5 21. Qg3
Qc7 22. Rfe1 h5 23. Re3 Rhg8 24. Qe1 g4 25. Qc1 Bg5 26. Re2 h4 27. Bc3 Bf4 28.
Qb2 Bc8 29. Rbe1 Bg5 30. bxc5 dxc5 31. Be5 Qa5 32. Be4 Qa6 33. d3 f6 34. Bc3
Bf4 35. d4 Bd6 36. dxc5 Bxc5 37. Bd4 Qd6 38. Rb1 b6 39. a4 Ba6 40. Rc2 Rc8 41.
Bxc5 Rxc5 42. Bd3 g3 43. h3 Ra5 44. Qd4 Rxa4 45. Qxh4 Ra3 46. Qe4 Rc8 47. Re2
Rc7 48. Rbe1 Rxd3 49. Qxd3 Bxc4 50. Qe3 Bxe2 51. Qxe2 Rc5 52. Qf3 0-1

[Event "SR 1. liga zapad 2010/2011"]
[Site "?"]
[Date "2010.12.11"]
[Round "3.2"]
[White "Dobrotka, Martin"]
[Black "Lipka, Juraj"]
[Result "1/2-1/2"]
[WhiteElo "2238"]
[BlackElo "2414"]
[PlyCount "32"]
[EventDate "2010.??.??"]

1. d4 d5 2. c4 c6 3. Nc3 dxc4 4. a4 e5 5. Nf3 exd4 6. Qxd4 Qxd4 7. Nxd4 Bc5 8.
Be3 Na6 9. Ne4 Bb4+ 10. Bd2 Ke7 11. Rc1 Bxd2+ 12. Nxd2 Nf6 13. e3 c5 14. N4f3
Nb4 15. Bxc4 Be6 16. Ke2 b6 1/2-1/2

[Event "SR 1. liga zapad 2010/2011"]
[Site "?"]
[Date "2010.12.11"]
[Round "3.2"]
[White "Hanko, Pavol"]
[Black "Janos, Martin"]
[Result "0-1"]
[WhiteElo "2179"]
[BlackElo "2246"]
[PlyCount "92"]
[EventDate "2010.??.??"]

1. d4 c5 2. d5 e5 3. c4 f5 4. e4 d6 5. exf5 Bxf5 6. Be2 Nf6 7. g4 Bd7 8. g5 Ng8
9. Bg4 Ne7 10. Be6 Nf5 11. Qf3 g6 12. Ne2 Bxe6 13. dxe6 Qc8 14. Ng3 Qc6 15. Ne4
Na6 16. Nf6+ Ke7 17. Nd5+ Kxe6 18. a3 Bg7 19. Nbc3 Rhf8 20. Qh3 Kf7 21. O-O
Rae8 22. Ne4 Rh8 23. Bd2 Nc7 24. Nef6 Bxf6 25. Nxf6 Re6 26. Bc3 h6 27. f4 Kg7
28. Nh5+ gxh5 29. Qxf5 Rf8 30. Qd3 Rg6 31. h4 hxg5 32. fxg5 Rxf1+ 33. Rxf1 Ne6
34. Qf5 Qe8 35. Qf3 Qe7 36. Kh2 Qf8 37. Qe2 Nf4 38. Qe4 Kh7 39. Bd2 Qg7 40.
Bxf4 exf4 41. Rxf4 Qxb2+ 42. Kh3 Qc3+ 43. Rf3 Qg7 44. Rf6 b5 45. cxb5 c4 46.
Kg2 Qxf6 0-1

[Event "SR 1. liga zapad 2010/2011"]
[Site "?"]
[Date "2010.12.11"]
[Round "3.2"]
[White "Pacher, Milan"]
[Black "Csiba, Dominik"]
[Result "1/2-1/2"]
[WhiteElo "2399"]
[BlackElo "2378"]
[PlyCount "131"]
[EventDate "2010.??.??"]

1. e4 c5 2. Nf3 d6 3. d4 cxd4 4. Nxd4 Nf6 5. Nc3 a6 6. Bg5 Nbd7 7. Bc4 Qb6 8.
Bb3 e6 9. O-O Be7 10. Be3 Nc5 11. f4 Qc7 12. Qf3 O-O 13. Rae1 b5 14. e5 Bb7 15.
exf6 Bxf3 16. fxe7 Qxe7 17. Rxf3 Qd7 18. Bf2 Rac8 19. Ne4 Nxb3 20. axb3 Kh8 21.
c3 e5 22. fxe5 dxe5 23. Nf5 f6 24. b4 Qe6 25. Bc5 Rfd8 26. Nfd6 Ra8 27. Ref1 h6
28. Rg3 Rd7 29. Nf5 Rad8 30. Ne3 Qa2 31. h4 Qxb2 32. Kh2 Qa2 33. h5 Qe2 34. Rf5
Qd3 35. Nf2 Qb1 36. Rg6 Rf7 37. Nfg4 Rd1 38. Nxe5 Rh1+ 39. Kg3 Qe1+ 40. Kf3 Rc7
41. N5g4 Qxc3 42. Rd5 Re1 43. Bd4 Qxb4 44. Rd8+ Kh7 45. Rxh6+ gxh6 46. Nxf6+
Kg7 47. Nfd5+ Qxd4 48. Nf5+ Kh7 49. Nxd4 Rf7+ 50. Kg3 Re5 51. Rd6 Rg5+ 52. Kh2
Rxh5+ 53. Kg1 Re5 54. Nf6+ Kg7 55. Nf3 Rxf6 56. Rd7+ Rf7 57. Nxe5 Rxd7 58. Nxd7
a5 59. Kf2 a4 60. Ke3 Kg6 61. Kf4 a3 62. Nc5 a2 63. Nb3 b4 64. g4 Kf6 65. Na1
Ke6 66. Ke4 1/2-1/2

[Event "SR 1. liga zapad 2010/2011"]
[Site "?"]
[Date "2010.12.11"]
[Round "3.2"]
[White "Polacik, Igor"]
[Black "Vrablik, Miroslav"]
[Result "1/2-1/2"]
[WhiteElo "2180"]
[BlackElo "2106"]
[PlyCount "63"]
[EventDate "2010.??.??"]

1. e4 c5 2. Nf3 d6 3. Bb5+ Nd7 4. c3 Ngf6 5. Qe2 a6 6. Ba4 b5 7. Bc2 Bb7 8. O-O
e5 9. Re1 Be7 10. d3 O-O 11. Nbd2 Re8 12. Nf1 Bf8 13. Ng3 g6 14. c4 Bg7 15. h3
Nf8 16. Be3 Ne6 17. Qd2 Nd7 18. Rab1 b4 19. Ba4 Rf8 20. Nh2 Nb6 21. Bd1 Bc6 22.
Bh6 Qh4 23. Ng4 Nf4 24. Bxf4 exf4 25. Qxf4 Rad8 26. Qd2 Kh8 27. Ne3 Bd7 28. Bg4
h5 29. Bxd7 Nxd7 30. Nd5 Ne5 31. Rbd1 Rde8 32. Qf4 1/2-1/2

[Event "SR 1. liga zapad 2010/2011"]
[Site "?"]
[Date "2010.12.11"]
[Round "3.2"]
[White "Schwarz, Dusan"]
[Black "Kaniansky, Miroslav"]
[Result "1-0"]
[WhiteElo "2294"]
[BlackElo "2185"]
[PlyCount "125"]
[EventDate "2010.??.??"]

1. d4 f5 2. g3 Nf6 3. Bg2 e6 4. Nf3 d5 5. O-O Bd6 6. c4 c6 7. b3 Qe7 8. Nc3 O-O
9. Na4 b5 10. c5 Bc7 11. Nb2 a5 12. Nd3 Nbd7 13. Bf4 Bxf4 14. gxf4 Bb7 15. Kh1
Kh8 16. e3 Ne4 17. Nfe5 Nef6 18. Rg1 Nxe5 19. Nxe5 Nd7 20. Nd3 Qh4 21. Bf3 b4
22. Rg3 Rf6 23. Qg1 Rh6 24. a3 Ba6 25. Nb2 bxa3 26. Rxa3 Bb7 27. Rg2 Qf6 28.
Qa1 Qd8 29. Nd3 Rg6 30. Rxg6 hxg6 31. Qc3 Kg8 32. Ra1 Kf7 33. Qe1 Qc7 34. Nc1
Qd8 35. Ne2 Nf6 36. Ng1 Nh7 37. Be2 g5 38. fxg5 Nxg5 39. f4 Ne4 40. Nf3 Kg8 41.
Bd3 Nf6 42. Qh4 Ba6 43. Bxa6 Rxa6 44. Ne5 Qe8 45. Rg1 Ng4 46. Nxg4 fxg4 47.
Rxg4 Ra7 48. Rg5 a4 49. bxa4 Rxa4 50. Qg4 Ra7 51. Rg6 Re7 52. h4 Kh7 53. h5 Qf7
54. Kg2 Re8 55. Qg5 Ra8 56. Qg4 Re8 57. Rg5 Re7 58. Re5 Kh8 59. Qg6 Qf6 60. Rg5
Rf7 61. h6 Qxg6 62. Rxg6 Rf6 63. hxg7+ 1-0

[Event "SR 1. liga zapad 2010/2011"]
[Site "?"]
[Date "2010.12.11"]
[Round "3.2"]
[White "Vlcek, Stanislav"]
[Black "Lakatos, Vladimir"]
[Result "1-0"]
[WhiteElo "2257"]
[BlackElo "2162"]
[PlyCount "65"]
[EventDate "2010.??.??"]

1. e4 c5 2. Nf3 e6 3. d3 Nc6 4. g3 Nf6 5. Bg2 d5 6. Qe2 Be7 7. O-O h6 8. h4
dxe4 9. dxe4 e5 10. c3 Bg4 11. Na3 Qc8 12. Nc4 O-O 13. Re1 Re8 14. Ne3 Bh3 15.
Nd5 Bxg2 16. Kxg2 Bf8 17. Nxf6+ gxf6 18. Nh2 f5 19. Qh5 fxe4 20. Ng4 Qe6 21.
Nxh6+ Bxh6 22. Bxh6 Ne7 23. Rxe4 f5 24. Qg5+ Ng6 25. Re2 Kf7 26. Qh5 Rh8 27.
Rae1 Rae8 28. c4 Qf6 29. Rd2 Ke6 30. Qd1 Rd8 31. Bg5 Rxd2 32. Qxd2 Nxh4+ 33.
gxh4 1-0

[Event "SR 1. liga zapad 2010/2011"]
[Site "?"]
[Date "2010.12.11"]
[Round "3.3"]
[White "Arendas, Marek"]
[Black "Bogar, Tomas"]
[Result "1-0"]
[WhiteElo "2089"]
[BlackElo "1762"]
[PlyCount "77"]
[EventDate "2010.??.??"]

1. e4 c5 2. Nf3 d6 3. Bb5+ Bd7 4. Bxd7+ Nxd7 5. d4 cxd4 6. Qxd4 Ngf6 7. O-O e6
8. c4 Be7 9. Nc3 O-O 10. b3 Qb6 11. Bb2 Qxd4 12. Nxd4 Nc5 13. Rfe1 Nd3 14. Re2
Nxb2 15. Rxb2 Rfd8 16. Rc2 d5 17. cxd5 exd5 18. e5 Ne4 19. Nce2 Rac8 20. Rac1
Rxc2 21. Rxc2 Nc5 22. Rc3 Rd7 23. Nf5 Bf8 24. Ned4 g6 25. Ne3 Ne6 26. Nec2 Rc7
27. Rxc7 Nxc7 28. Kf1 Bg7 29. f4 g5 30. g3 gxf4 31. gxf4 Bh6 32. f5 Bf4 33. Nf3
Kg7 34. Ke2 Kh6 35. Kd3 Kh5 36. h3 Ne8 37. Kd4 Ng7 38. Kxd5 Nxf5 39. Ke4 1-0

[Event "SR 1. liga zapad 2010/2011"]
[Site "?"]
[Date "2010.12.11"]
[Round "3.3"]
[White "Dolnik, Attila"]
[Black "Szitkey, Milan"]
[Result "1/2-1/2"]
[WhiteElo "2175"]
[BlackElo "2152"]
[PlyCount "106"]
[EventDate "2010.??.??"]

1. e4 e6 2. g3 d5 3. Bg2 dxe4 4. Bxe4 Nf6 5. Bg2 e5 6. d3 Bc5 7. Be3 Bxe3 8.
fxe3 c6 9. Nc3 Be6 10. Nf3 Nbd7 11. O-O O-O 12. Kh1 Qb6 13. Qd2 Rad8 14. b3 Nd5
15. Rae1 Nxc3 16. Qxc3 f6 17. Nh4 Qc5 18. Qd2 Qa3 19. c4 a5 20. d4 a4 21. d5
cxd5 22. cxd5 Nb6 23. e4 axb3 24. axb3 Bc8 25. Qe3 Qd6 26. Rc1 Bd7 27. Nf5 Bxf5
28. Rxf5 Rc8 29. Rff1 Rxc1 30. Rxc1 Rc8 31. Rxc8+ Nxc8 32. Bh3 Nb6 33. Be6+ Kf8
34. Qc3 Ke7 35. Bg8 f5 36. Bxh7 fxe4 37. Bxe4 Nxd5 38. Qd3 Nf6 39. Qxd6+ Kxd6
40. Bxb7 Kc5 41. Kg2 Kb4 42. Kf3 Kxb3 43. h4 Kc4 44. g4 Kd4 45. g5 Nh5 46. Kg4
g6 47. Kf3 Nf4 48. Be4 Kc5 49. Ke3 Nd5+ 50. Kf3 Nf4 51. Bb1 Kd4 52. Be4 Kc5 53.
Kg4 Kd4 1/2-1/2

[Event "SR 1. liga zapad 2010/2011"]
[Site "?"]
[Date "2010.12.11"]
[Round "3.3"]
[White "Drtina, Milan"]
[Black "Farkas, Gabor"]
[Result "1-0"]
[WhiteElo "2247"]
[BlackElo "2225"]
[PlyCount "33"]
[EventDate "2010.??.??"]

1. e4 e5 2. Nf3 Nc6 3. Bb5 a6 4. Ba4 Nf6 5. O-O Nxe4 6. Re1 Nc5 7. Bxc6 dxc6 8.
Nxe5 Be6 9. d4 Nd7 10. Qe2 Nxe5 11. dxe5 Qd4 12. Nd2 Be7 13. c3 Qg4 14. f3 Bc5+
15. Kh1 Qh4 16. Ne4 Bc4 17. Bg5 1-0

[Event "SR 1. liga zapad 2010/2011"]
[Site "?"]
[Date "2010.12.11"]
[Round "3.3"]
[White "Kleman, Miroslav"]
[Black "Lanc, Alois"]
[Result "1/2-1/2"]
[WhiteElo "2266"]
[BlackElo "2399"]
[PlyCount "72"]
[EventDate "2010.??.??"]

1. c4 e5 2. Nc3 Nc6 3. g3 g6 4. Bg2 Bg7 5. d3 d6 6. e4 Nd4 7. h3 Ne7 8. Nge2
O-O 9. O-O Nxe2+ 10. Nxe2 Nc6 11. Rb1 Be6 12. f4 Qd7 13. Kh2 f5 14. b3 a5 15.
Bb2 a4 16. exf5 Bxf5 17. g4 Be6 18. d4 exd4 19. Nxd4 Nxd4 20. Bxd4 axb3 21.
axb3 Ra2 22. Ra1 Rfa8 23. Rxa2 Rxa2 24. Rf2 Rxf2 25. Bxf2 b5 26. Qe2 bxc4 27.
bxc4 Qf7 28. Qxe6 Qxe6 29. Bd5 Kf7 30. Kg3 c6 31. Bxe6+ Kxe6 32. Kf3 d5 33. c5
Bb2 34. Ke3 Bc1+ 35. Kf3 Bb2 36. Ke3 Bc1+ 1/2-1/2

[Event "SR 1. liga zapad 2010/2011"]
[Site "?"]
[Date "2010.12.11"]
[Round "3.3"]
[White "Lukacovic, Miroslav"]
[Black "Felcir, Jaroslav"]
[Result "0-1"]
[WhiteElo "2006"]
[BlackElo "2198"]
[PlyCount "96"]
[EventDate "2010.??.??"]

1. d4 d5 2. Nf3 Nf6 3. Bg5 Ne4 4. Bf4 c5 5. e3 Qb6 6. dxc5 Qxb2 7. Be5 Qb4+ 8.
Nfd2 Nxc5 9. Nc3 e6 10. Nb5 Nca6 11. c3 Qc5 12. Nb3 Qb6 13. Bd4 Qd8 14. Nxa7
Bd7 15. Nb5 Nc6 16. Be2 e5 17. Bxe5 Nxe5 18. Qxd5 Nc6 19. Rd1 Qe7 20. Qf3 Qf6
21. Qg3 Be7 22. O-O Be6 23. Nd6+ Bxd6 24. Qxd6 Qe5 25. Bxa6 Qxd6 26. Rxd6 Rxa6
27. Nc5 Ke7 28. Rfd1 Rxa2 29. Nxb7 Rc8 30. Nc5 Ne5 31. Nxe6 fxe6 32. f4 Ng4 33.
R6d3 Re2 34. Kf1 Rxe3 35. Rd7+ Kf6 36. h3 Nh6 37. g4 Nf7 38. g5+ Kg6 39. Re7
Rf3+ 40. Ke2 Rxf4 41. Rxe6+ Kxg5 42. Rg1+ Kf5 43. Re7 Kf6 44. Ra7 g5 45. Kd2 h5
46. Rg3 Rc6 47. Ra5 Nd6 48. Rgxg5 Nc4+ 0-1

[Event "SR 1. liga zapad 2010/2011"]
[Site "?"]
[Date "2010.12.11"]
[Round "3.3"]
[White "Miklas, Marian"]
[Black "Nagy, Attilla"]
[Result "1-0"]
[WhiteElo "2139"]
[BlackElo "2164"]
[PlyCount "65"]
[EventDate "2010.??.??"]

1. Nf3 Nf6 2. c4 g6 3. g3 Bg7 4. Bg2 O-O 5. O-O d6 6. Nc3 Nc6 7. d4 a6 8. d5
Na5 9. Nd2 c5 10. Qc2 Rb8 11. b3 b5 12. Bb2 bxc4 13. bxc4 Qc7 14. Rae1 e5 15.
e4 Nh5 16. Ne2 f5 17. f4 exf4 18. Bxg7 Qxg7 19. gxf4 Rb2 20. Qd3 fxe4 21. Nxe4
Bf5 22. Bh3 Bxh3 23. Qxh3 Nxc4 24. Qd3 Nb6 25. Nxd6 Qd7 26. Nc4 Qg4+ 27. Kh1
Nxc4 28. Qxc4 Rb4 29. Qxc5 Nxf4 30. Ng3 Rb5 31. Qc4 g5 32. d6+ Kh8 33. Re7 1-0

[Event "SR 1. liga zapad 2010/2011"]
[Site "?"]
[Date "2010.12.11"]
[Round "3.3"]
[White "Petrik, Tomas"]
[Black "Vass, Frantisek"]
[Result "1-0"]
[WhiteElo "2536"]
[BlackElo "2317"]
[PlyCount "53"]
[EventDate "2010.??.??"]

1. d4 d5 2. c4 Bf5 3. cxd5 Bxb1 4. Qa4+ c6 5. dxc6 Nxc6 6. Rxb1 e5 7. Bd2 exd4
8. g3 Qd5 9. Nf3 Nge7 10. Bg2 g6 11. O-O Bg7 12. Ng5 Qd7 13. Rbc1 O-O 14. Ne4
Rac8 15. Nc5 Qc7 16. Bf4 Be5 17. Bxe5 Nxe5 18. Qxd4 N7c6 19. Qf4 Qe7 20. Nxb7
Qxb7 21. Qxe5 Nxe5 22. Bxb7 Rb8 23. Rc7 Rfd8 24. Rfc1 Rd2 25. f4 Rxb2 26. Bd5
Rd8 27. Rc8 1-0

[Event "SR 1. liga zapad 2010/2011"]
[Site "?"]
[Date "2010.12.11"]
[Round "3.3"]
[White "Pszota, Erik"]
[Black "Sturdik, Igor"]
[Result "0-1"]
[WhiteElo "1679"]
[BlackElo "2071"]
[PlyCount "82"]
[EventDate "2010.??.??"]

1. Nf3 Nf6 2. d4 e6 3. c4 c5 4. d5 exd5 5. cxd5 d6 6. Nc3 g6 7. e4 Bg7 8. Bf4
O-O 9. Bd3 a6 10. O-O Bg4 11. Be2 Re8 12. h3 Bxf3 13. Bxf3 Qe7 14. Re1 Nbd7 15.
Qb3 Rab8 16. Rad1 Ne5 17. Bxe5 Qxe5 18. Qc2 b5 19. a3 Nd7 20. Bg4 Nb6 21. Re2
Nc4 22. Ra1 Nxb2 23. Qxb2 Qxc3 24. Qxc3 Bxc3 25. Rc1 Bd4 26. Bd7 Re7 27. Bc6 a5
28. Rb1 b4 29. axb4 axb4 30. Ba4 f5 31. Bc2 fxe4 32. Rxe4 Rxe4 33. Bxe4 c4 34.
Rd1 Bc5 35. Bb1 Rf8 36. Rd2 b3 37. Be4 c3 38. Re2 Rxf2 39. Rxf2 Bxf2+ 40. Kxf2
c2 41. Bxc2 bxc2 0-1

[Event "SR 1. liga zapad 2010/2011"]
[Site "?"]
[Date "2010.12.11"]
[Round "3.4"]
[White "Bury, Rastislav"]
[Black "Pinter, Patrik"]
[Result "1-0"]
[WhiteElo "2183"]
[BlackElo "2189"]
[PlyCount "55"]
[EventDate "2010.??.??"]

1. d4 Nf6 2. Nf3 g6 3. g3 Bg7 4. Bg2 O-O 5. O-O d6 6. c4 c5 7. Nc3 Nc6 8. e4
Bg4 9. dxc5 dxc5 10. h3 Be6 11. Qe2 Nd4 12. Nxd4 Qxd4 13. Rd1 Qxc4 14. Qxc4
Bxc4 15. e5 Ne8 16. Bg5 Nc7 17. Bxe7 Rfe8 18. Bxc5 Bxe5 19. Bxb7 Rab8 20. Bc6
Re6 21. Bd7 Rxb2 22. Na4 Rb5 23. Rac1 Bxa2 24. Bxb5 Nxb5 25. Rd8+ Kg7 26. Bf8+
Kf6 27. Nc5 Bb2 28. Nd7+ 1-0

[Event "SR 1. liga zapad 2010/2011"]
[Site "?"]
[Date "2010.12.11"]
[Round "3.4"]
[White "Cajka, Tibor"]
[Black "Gorusa, Miroslav"]
[Result "1-0"]
[WhiteElo "2104"]
[BlackElo "2136"]
[PlyCount "143"]
[EventDate "2010.??.??"]

1. e4 Nf6 2. e5 Nd5 3. d4 d6 4. c4 Nb6 5. Nf3 Bg4 6. exd6 exd6 7. Be2 Be7 8.
O-O O-O 9. Nc3 N8d7 10. b3 Nf6 11. Qc2 d5 12. c5 Nbd7 13. c6 Bxf3 14. cxb7 Rb8
15. Bxf3 c6 16. Bf4 Rxb7 17. Na4 Nb8 18. Nc5 Bxc5 19. Qxc5 Nfd7 20. Qd6 Re8 21.
Rfe1 Nf8 22. Qxd8 Rxd8 23. Rac1 Ne6 24. Be5 Rb6 25. Bg4 Re8 26. Bxb8 Rbxb8 27.
Bxe6 fxe6 28. Rxc6 Kf7 29. Rc7+ Re7 30. Rec1 Rb7 31. Rxb7 Rxb7 32. Kf1 Kf6 33.
Ke2 a5 34. Kd3 a4 35. Rb1 axb3 36. axb3 e5 37. b4 e4+ 38. Kc3 Ke6 39. b5 Rc7+
40. Kd2 Kd6 41. b6 Rb7 42. h4 Kc6 43. Ke3 Kd6 44. Kf4 Rf7+ 45. Kg5 Rb7 46. h5
Ke6 47. Rb3 Kd6 48. h6 gxh6+ 49. Kf6 h5 50. g3 Rb8 51. b7 Rf8+ 52. Kg7 Rb8 53.
Kf7 Kd7 54. Kg7 Kc6 55. Kxh7 Rxb7+ 56. Rxb7 Kxb7 57. Kg6 Kc6 58. Kf5 Kb5 59.
Ke6 Kc4 60. Ke5 Kd3 61. Kxd5 e3 62. fxe3 Kxe3 63. Ke5 Kf3 64. d5 Kxg3 65. d6 h4
66. d7 h3 67. d8=Q Kg2 68. Qg5+ Kh1 69. Qc1+ Kg2 70. Qd2+ Kg1 71. Qd1+ Kg2 72.
Qg4+ 1-0

[Event "SR 1. liga zapad 2010/2011"]
[Site "?"]
[Date "2010.12.11"]
[Round "3.4"]
[White "Debnar, Lubos"]
[Black "Meszaros, Michal"]
[Result "0-1"]
[WhiteElo "2290"]
[BlackElo "2409"]
[PlyCount "88"]
[EventDate "2010.??.??"]

1. d4 Nf6 2. c4 g6 3. Nc3 Bg7 4. Nf3 O-O 5. g3 c6 6. Bg2 d5 7. cxd5 cxd5 8. Ne5
e6 9. O-O Nfd7 10. f4 f6 11. Nd3 Nc6 12. Be3 Nb6 13. Kh1 f5 14. Ne5 Bd7 15. Bg1
Be8 16. Qd2 Rc8 17. Rac1 a6 18. Rc2 Rc7 19. Qe3 Kh8 20. Rd1 h6 21. a3 Nc8 22.
Rdc1 Nd6 23. Nd1 Re7 24. Nf2 Nb5 25. Rd2 Kh7 26. Nh3 Na5 27. Rdc2 Nd6 28. Bf2
Ba4 29. Rc3 Nac4 30. Qf3 Nxb2 31. g4 Ne4 32. Bh4 Nxc3 33. Qxc3 Bxe5 34. dxe5
fxg4 35. Qxb2 gxh3 36. Bxh3 Bc6 37. Qd4 Qe8 38. Bf6 Ref7 39. Rc3 Rxf6 40. exf6
Qf7 41. Re3 Qxf6 42. Qxf6 Rxf6 43. Rxe6 d4+ 44. Kg1 Rxf4 0-1

[Event "SR 1. liga zapad 2010/2011"]
[Site "?"]
[Date "2010.12.11"]
[Round "3.4"]
[White "Dlhy, Jozef"]
[Black "Pericka, Tomas"]
[Result "1/2-1/2"]
[WhiteElo "2075"]
[BlackElo "1966"]
[PlyCount "34"]
[EventDate "2010.??.??"]

1. d4 Nf6 2. c4 e6 3. g3 c5 4. Nf3 cxd4 5. Nxd4 Nc6 6. Bg2 Be7 7. Nc3 O-O 8.
O-O a6 9. b3 Re8 10. Bb2 d5 11. cxd5 exd5 12. Rc1 Be6 13. Nxc6 bxc6 14. Na4 Rc8
15. Qd3 Qa5 16. Bxf6 Bxf6 17. Rc5 Qb4 1/2-1/2

[Event "SR 1. liga zapad 2010/2011"]
[Site "?"]
[Date "2010.12.11"]
[Round "3.4"]
[White "Jancovic, Peter"]
[Black "Polasek, Filip"]
[Result "1-0"]
[WhiteElo "2167"]
[BlackElo "2104"]
[PlyCount "79"]
[EventDate "2010.??.??"]

1. e4 e5 2. Nf3 Nc6 3. Bb5 a6 4. Ba4 Nf6 5. O-O Be7 6. Re1 b5 7. Bb3 O-O 8. c3
d5 9. exd5 Nxd5 10. Nxe5 Nxe5 11. Rxe5 Nf6 12. h3 Bd6 13. Re1 c5 14. d3 Bb7 15.
Nd2 Re8 16. Rxe8+ Qxe8 17. a4 Qe5 18. Nf1 b4 19. d4 Qe4 20. f3 Qc6 21. Be3 c4
22. Bc2 b3 23. Bb1 Re8 24. a5 Qd5 25. Qe2 Qe6 26. Qf2 Bc7 27. Qh4 g6 28. Bg5
Nh5 29. Be4 Bxe4 30. fxe4 Qxe4 31. Qxe4 Rxe4 32. Nd2 Re2 33. Nxc4 f6 34. Bd2
Bf4 35. Bxf4 Nxf4 36. Ra3 Rxg2+ 37. Kf1 Rc2 38. Rxb3 Nd5 39. Rb6 Nc7 40. Rb8+
1-0

[Event "SR 1. liga zapad 2010/2011"]
[Site "?"]
[Date "2010.12.11"]
[Round "3.4"]
[White "Likavsky, Tomas"]
[Black "Banas, Jan"]
[Result "1-0"]
[WhiteElo "2466"]
[BlackElo "2306"]
[PlyCount "103"]
[EventDate "2010.??.??"]

1. d4 Nf6 2. c4 g6 3. f3 c5 4. d5 b5 5. cxb5 a6 6. e4 d6 7. Nc3 Bg7 8. bxa6 O-O
9. a7 Rxa7 10. Nb5 Ra8 11. Ne2 Ba6 12. Nec3 Nbd7 13. Be2 Qb6 14. Be3 Rfb8 15.
O-O Ne8 16. a4 Nc7 17. Qd2 Qa5 18. Ra3 Bc8 19. Qc2 Na6 20. h3 Nb4 21. Qd2 Qb6
22. f4 f5 23. Bf3 fxe4 24. Nxe4 Nf6 25. Ng5 Bd7 26. Nc3 Na6 27. Rf2 Nc7 28. g4
Qb4 29. Qc2 Ra7 30. Bg2 Rab7 31. Qc1 Bxg4 32. hxg4 Nxg4 33. Ra2 Nxf2 34. Kxf2
Qb3 35. Nge4 Bd4 36. Kg3 Bxe3 37. Qxe3 Nxd5 38. Qe2 Nb4 39. Nd2 Qc2 40. Bxb7
Rxb7 41. Ra3 Qxb2 42. Rb3 Qc1 43. Nf3 Kg7 44. Na2 Qa1 45. Nxb4 Qxa4 46. Re3
Qxb4 47. Rxe7+ Rxe7 48. Qxe7+ Kg8 49. Ng5 Qc3+ 50. Kh4 Qg7 51. Qe6+ Kf8 52.
Qc8+ 1-0

[Event "SR 1. liga zapad 2010/2011"]
[Site "?"]
[Date "2010.12.11"]
[Round "3.4"]
[White "Martiska, Peter"]
[Black "Gasa, Andrej"]
[Result "1/2-1/2"]
[WhiteElo "2249"]
[BlackElo "2256"]
[PlyCount "78"]
[EventDate "2010.??.??"]

1. d4 d5 2. c4 c6 3. Nf3 Nf6 4. Nc3 dxc4 5. a4 Bf5 6. e3 e6 7. Bxc4 Bb4 8. O-O
O-O 9. Qe2 Bg4 10. Rd1 Qa5 11. Bd2 Qh5 12. h3 Bxf3 13. Qxf3 Qxf3 14. gxf3 Nbd7
15. Ne4 Bxd2 16. Rxd2 Nxe4 17. fxe4 Nb6 18. Bb3 a5 19. Rc1 Rfd8 20. Kg2 Kf8 21.
f4 Ke7 22. Kf3 g6 23. Rg2 Nd7 24. h4 Ra6 25. Rc3 Rb6 26. h5 Nf6 27. hxg6 hxg6
28. Rh2 Rb4 29. Bd1 Nd7 30. b3 e5 31. fxe5 Nxe5+ 32. Kf4 Nd7 33. Bf3 Rg8 34. e5
Nf8 35. Bg4 Ne6+ 36. Bxe6 Kxe6 37. Ke4 Rd8 38. Rh1 Ke7 39. Rh2 Ke6 1/2-1/2